000 00966nam a2200253Ia 4500
003 OSt
005 20221005112242.0
006 a|||||r|||| 00| 0
007 ta
008 221004b |||||||| |||| 00| 0 pan d
020 _a8171434231 (hbk)
_c120
024 _a95171
037 _b221, 01/01/2009, H.K. Prakashan
_cTextual
040 _aCRL
_cCRL
_bpan
041 _2pan
_apan
082 _aO153,1N15:g, P6
100 _aਸਿੰਘ, ਜੋਗਾl ਰਾਹੀ, ਪ੍ਰੀਤਮ ਸਿੰਘ
_9624304
245 0 _aਬਾਵਾ ਬਲਵੰਤ
_b ਕਾਵਿੑਮੁਲਾਂਕਣ
260 _aਅੰਮ੍ਰਿਤਸਰ
_bਰਵੀ ਸਾਹਿਤ ਭਾਰਤ
_c2006
300 _a96ਪੰ
_ccm.
650 _aਪੰਜਾਬੀ ਸਾਹਿਤ
942 _hO153,1N15:g, P6
_cTEXL
_2cc
999 _c1024331
_d1024331